<?xml version="1.0" encoding="UTF-8"?>
<collection xmlns="http://www.loc.gov/MARC21/slim">
 <record>
  <leader>00578nam a22001695a 4500</leader>
  <controlfield tag="001">EHU.bham008551</controlfield>
  <controlfield tag="003">AR-BHAM</controlfield>
  <controlfield tag="005">20100107112052.0</controlfield>
  <controlfield tag="008">130507s1983##################000#0#####d</controlfield>
  <datafield tag="082" ind1="8" ind2="2">
   <subfield code="a">823.5</subfield>
  </datafield>
  <datafield tag="100" ind1="1" ind2=" ">
   <subfield code="a">Nerozzi Bellman, Patrizia</subfield>
  </datafield>
  <datafield tag="245" ind1="1" ind2="0">
   <subfield code="a">Sheherazade in inghilterra :</subfield>
   <subfield code="b">fomul narrative nell'evoluzione del &quot;romanc&quot; inglese /</subfield>
   <subfield code="c">Patrizia Nerozzi Bellman.</subfield>
  </datafield>
  <datafield tag="260" ind1=" " ind2=" ">
   <subfield code="a">Milan :</subfield>
   <subfield code="b">Cisalpino-goliardica,</subfield>
   <subfield code="c">1983</subfield>
  </datafield>
  <datafield tag="300" ind1=" " ind2=" ">
   <subfield code="a">181 p.</subfield>
  </datafield>
  <datafield tag="490" ind1="0" ind2=" ">
   <subfield code="a">Quaderni Di Acme, 3</subfield>
  </datafield>
  <datafield tag="653" ind1=" " ind2=" ">
   <subfield code="a">Novela inglesa-1703-1745</subfield>
  </datafield>
  <datafield tag="859" ind1=" " ind2=" ">
   <subfield code="a">AR-BHAM</subfield>
   <subfield code="b">BIB. HUMANIDADES - General</subfield>
   <subfield code="h">823.5</subfield>
   <subfield code="i">N358</subfield>
   <subfield code="p">83.85</subfield>
   <subfield code="t">Ej.1</subfield>
  </datafield>
 </record>
</collection>
